Loading...
| History - European | 0 | 7 | 0 | 2 | 70 | 72 | 94.43 | 4 | 7 | 0.00 | 0.00 |
| History - American | 0 | 6 | 0 | 0 | 60 | 42 | 76.00 | 4 | 6 | 0.00 | 0.00 |
| History - World | 0 | 7 | 2 | 0 | 60 | 39 | 71.71 | 5 | 7 | 0.00 | 0.00 |
| History - Other | 0 | 5 | 0 | 0 | 50 | 80 | 96.00 | 4 | 5 | 0.00 | 0.00 |
| Philosophy | 0 | 3 | 0 | 0 | 30 | 40 | 60.33 | 2 | 3 | 0.00 | 0.00 |
| Literature - American | 0 | 3 | 0 | 1 | 30 | 92 | 113.67 | 0 | 3 | 0.00 | 0.00 |
| Fine Arts - Other | 0 | 2 | 0 | 0 | 20 | 111 | 116.00 | 0 | 2 | 0.00 | 0.00 |
| Social Science | 0 | 1 | 0 | 0 | 10 | 81 | 81.00 | 1 | 1 | 0.00 | 0.00 |
| Fine Arts - Painting and Sculpture | 0 | 1 | 0 | 0 | 10 | 101 | 101.00 | 0 | 1 | 0.00 | 0.00 |
| Literature - British | 0 | 1 | 0 | 0 | 10 | 127 | 127.00 | 0 | 1 | 0.00 | 0.00 |
| Literature - World | 0 | 1 | 0 | 0 | 10 | 95 | 95.00 | 0 | 1 | 0.00 | 0.00 |
| Current Events | 0 | 1 | 0 | 0 | 10 | 59 | 59.00 | 1 | 1 | 0.00 | 0.00 |
| Religion | 0 | 1 | 0 | 0 | 10 | 110 | 110.00 | 0 | 1 | 0.00 | 0.00 |
| Mythology | 0 | 0 | 1 | 0 | -5 | 0.00 | 0 | 0 | 0.00 | 0.00 |